000
00296nam a2200121Ia 4500
008
241028s9999 xx 000 0 und d
041
_a
eng
082
_a
153.69 KUH
100
_a
Kuhnke
245
_a
Body Language For Dummies
260
_b
Wiley India
_a
New Delhi
_c
2014
300
_a
362;. P. 23 cm
999
_c
43032
_d
43032